000 00305nam a22001217a 4500
020 _a9780849378874
082 _a621.815 SAM
100 _aMekid, Samir
_969222
245 _aIntroduction to precision machine design and error assessment
260 _aUK
_bCRC PRESS
_c2009
300 _a330P
942 _cBK
999 _c576593
_d576593